| 000 | 00634caa a22001812a 4500 | ||
|---|---|---|---|
| 001 | 009746 | ||
| 003 | AR-FADEU | ||
| 008 | 311216n########xxu####################dd | ||
| 092 |
_aP862.44 _bT253 _eBLYNK |
||
| 100 | _aArriví, Francisco | ||
| 245 | _aVegigantes | ||
| 300 | _aPP. 279-401 | ||
| 500 | _aEn: Teatro puertorriqueño. Puerto Rico : Instituto de Cultura Puertorriqueña, 1959 | ||
| 650 | _a/BLYNK/ | ||
| 942 | _cBLYNK | ||
| 773 | 0 |
_015532 _915033 _a _b _dPuerto Rico _o14853 _tTEATRO puertorriqueño _w( AR-FADEU) 009736 _x _z |
|
| 773 | 0 |
_015532 _915034 _a _b _dPuerto Rico _o14854 _tTEATRO puertorriqueño _w( AR-FADEU) 009736 _x _z |
|
| 999 |
_c15542 _d15542 |
||